| 000 | 00543nam a2200193Ia 4500 | ||
|---|---|---|---|
| 008 | 210417s9999 xx 000 0 und d | ||
| 020 | _a9781493931477 | ||
| 020 | _b1493931474 | ||
| 082 | _a572.88 MED | ||
| 082 | _b22.572.88 MED | ||
| 245 | 0 | _aRNA imaging : methods and protocols | |
| 245 | 0 | _cRNA imaging methods and protocols | |
| 250 | _b"xi, 218 p. : ill. (some col.) ; 27 cm., hbk." | ||
| 260 | _aNew York | ||
| 260 | _bHumana Press | ||
| 260 | _c2016 | ||
| 700 | _a"Medarova, Zdravka" | ||
| 700 | _bedited by Zdravka Medarova | ||
| 999 |
_c467510 _d467510 |
||